| 000 | 00548nam a2200229Ia 4500 | ||
|---|---|---|---|
| 005 | 20250425162524.0 | ||
| 008 | 250425s9999 xx 000 0 und d | ||
| 020 | _a8420540439 | ||
| 041 | _aspa | ||
| 082 | _a659.2 | ||
| 110 | _aADECEC | ||
| 245 | 0 | _a40 EXITOS EN COMUNICACION | |
| 250 | _a1A ED. | ||
| 260 |
_aEspaƱa _bPEARSON EDUCACION _c2003 |
||
| 260 | _aMADRID | ||
| 300 | _a442 | ||
| 500 | _aDONADO POR Dr. V. RIOFRIO | ||
| 650 | _aCOMUNICACION EMPRESARIAL | ||
| 650 | _aRELACIONES PUBLICAS | ||
| 942 | _c01 | ||
| 010 | _a81593 | ||
| 999 |
_c230948 _d230948 |
||